000 00419nam a2200133Ia 4500
008 180305s9999 xx 000 0 und d
020 _a9789812724694
100 _aMcPherson, Richard A.
245 _cRichard A. McPherson, Matthew R. Pincus
_aHenry's Clinical Diagnosis and Management:
_bBy Laboratory Method/
250 _a21st ed.
260 _aUSA
_bC&E Pub. Inc.
_c2009
300 _av, 1450 Pages
440 _vVol 1
999 _c356074
_d356074